То (Запис номер 81041)
[ съкратено ]
| 000 -Лидер | |
|---|---|
| Контролно поле с фиксирана дължина | 01499nam a2200397 a 4500 |
| 003 - Код на организацията, давaща контролен номер | |
| Контролно поле | BLK |
| 005 - Дата и час на последна редакция | |
| Контролно поле | 20250423090151.0 |
| 008 - Елементи от данни с фиксирана дължина | |
| fixed length control field | 180408b bul|||||r ||||||| ||bul|| |
| 010 ## - Наследен системен номер | |
| LC control number | KNG00085536000 |
| 020 ## - Международен стандартен номер на книга ISBN | |
| Международен стандартен номер на книга ISBN | 978-954-585-881-9 |
| 040 ## - Източник на каталожния запис | |
| Идентификатор на билиотеката - собственик на записа | BLK |
| 041 ## - Код за език | |
| Код за езика на текст/звукозапис или на отделно заглавие | Български |
| Код за езика КДБФ | Български |
| 080 ## - УДК | |
| Текстов определител УДК | Американска литература (на САЩ) |
| УДК код - определител по УДК | 821.111(73) |
| УДК определител | -312.4 |
| УДК - код + определител | 821.111(73)-312.4 |
| 100 ## - Редна дума - Автор | |
| Автор | Кинг, Стивън |
| R(LIN) | 371799 |
| 139 ## - Редно поле | |
| Редна дума | Кинг, Стивън |
| Авторски знак | Кин - К 54 |
| 245 10 - Сведения за заглавието | |
| Заглавие | То |
| Подзаглавни данни | Роман : Кн. 1 - 2 |
| Редно поле (дума) | Стивън Кинг; прев. от англ. Любомир Николов. |
| Том | Кн. 2 |
| 250 ## - Област на изданието | |
| Сведения за изданието | 3. изд. |
| 257 ## - Страна на издаване | |
| Страна на създаване/издаване | Съединени американски щати |
| 260 ## - Област на издателските данни | |
| Място на издаване, разпространение и проч. | София |
| Име на издателя, разпространителя и проч. | Бард |
| Година на издаване | 2008 |
| 9 (RLIN) | 209457 |
| Издателство - префикс ISBN | 978-954-655- ; 978-954-585- ; 978-954-584- |
| 300 ## - Физическа характеристика | |
| Страници | 768 с. |
| Размери/Мащаб | 21 см |
| 380 ## - Жанр | |
| Жанр | Худож. лит. |
| 490 ## - СЕРИИ (Колекции) | |
| Име на серия | Бестселър # 1 |
| 500 ## - Общи забележки | |
| Забележка | Ориг. загл. It / Stephen King. - 1. изд. 1992-1993 в 2 кн. на изд. Плеяда в сер. Стивън Кинг ; 5. - Съдържа и за авт. |
| 653 ## - Ключова дума – ненормативна | |
| Ключова дума | хорър |
| 653 ## - Ключова дума – ненормативна | |
| Ключова дума | романи |
| 700 ## - Други автори (авторска отговорност) | |
| Лично име | Николов, Любомир Славов, 1950 - |
| Автороска отговорност (Описва отношението между автора и произведението) | прев. от англ. |
| 9 (RLIN) | 242031 |
| 760 1# - Описание на основната серия | |
| Редна дума на основното описание | Кинг, Стивън |
| Място на издаване, издател и година | Бард, 2008 |
| Страници - том | 768 с. |
| Заглавие | Кн. 2 |
| 852 ## - Местоположение | |
| Форматна сигнатура | Цб 241280 |
| 856 4# - Електронен адрес и достъп | |
| Електронен формат | pdf - файл |
| 856 4# - Електронен адрес и достъп | |
| Електронен формат | pdf - файл |
| 942 ## - АРТИКУЛИ | |
| Вид на библиотечния материал | Книги |
| Скрит в OPAC | Не |
| Koha issues (borrowed), all copies | 11 |
| 944 ## - СЪЗДАВАНЕ И РЕДАКЦИЯ на ЗАПИСА | |
| Създаване/Редакция | Създаване |
| Дата на регистрацията/редакция | 10.09.2008 |
| Статус, дата на статуса | Мартин Енчев |
| Служител, извършил регистрацията/редакцията | 30575 |
| 944 ## - СЪЗДАВАНЕ И РЕДАКЦИЯ на ЗАПИСА | |
| Създаване/Редакция | Редакция |
| Дата на регистрацията/редакция | 17.12.2009 |
| Статус, дата на статуса | ф / |
| 999 ## - СИСТЕМНИ КОНТРОЛНИ НОМЕРА | |
| Koha biblionumber | 81041 |
| Koha biblioitemnumber | 81041 |
| 999 ## - СИСТЕМНИ КОНТРОЛНИ НОМЕРА | |
| Koha biblioitemnumber | 81041 |
| 999 ## - СИСТЕМНИ КОНТРОЛНИ НОМЕРА | |
| Koha biblioitemnumber | 81041 |
| Код за отписване | Код за изгубен артикул | Код за повреда | Коз за рестрикции | Код за отдаване | Артикулен № | Име на библиотеката - собственик | Име на библиотеката, в която се намира в момента | Статус (Текущо местоположение) | Дата на вписване в системата | Местоположение - отдел | Цена в лева | Инвентарен номер | Систематично азбучна сигнатура | Баркод | Номер на екземпляра | Цена в евро | Служебна бележка | Служебен тип на артикула | Източник на класификационната схема |
|---|---|---|---|---|---|---|---|---|---|---|---|---|---|---|---|---|---|---|---|
| Не е изгубен | Не е повреден | без рестрикции | ползва се в читалня | 131308 | Регионална библиотека "Любен Каравелов" Русе | Регионална библиотека "Любен Каравелов" Русе | Хранилище | 2008-09-10 | Хранилище | 14.99 | 120000728950 | Цб 241280 | 120000728950 | 1 | 7.66 | Дост: Dp Вид: Д N: 25 Дата: 04.06.2008 | Книги | ||
| Не е изгубен | Не е повреден | без рестрикции | заемане за дома | 131309 | Регионална библиотека "Любен Каравелов" Русе | Регионална библиотека "Любен Каравелов" Русе | Заемна - подръчен фонд | 2008-10-06 | Заемна - подръчен фонд | 14.99 | 120000730330 | 821-31/К 54 С | 120000730330 | 2 | 7.66 | Дост: Pk Вид: Ф N: 8680 Дата: 03.10.2008 | Книги | Universal Decimal Classification | |
| Не е изгубен | Не е повреден | без рестрикции | заемане за дома | 131310 | Регионална библиотека "Любен Каравелов" Русе | Регионална библиотека "Любен Каравелов" Русе | Заемна - подръчен фонд | 2009-12-09 | Заемна - подръчен фонд | 14.99 | 120000740281 | П 820(73)-31/К 54 | 120000740281 | 3 | 7.66 | Дост: Pk Вид: Ф N: 61 Дата: 08.12.2009 Дата инв: 13.02.2018 Бележки инв: П2018 | Книги |